Frida Kahlo, Tina Modotti. (Record no. 8099)

MARC details
000 -CABECERA
campo de control de longitud fija 00898nam a2200265 a 4500
001 - NÚMERO DE CONTROL
campo de control BRCA_8432
005 - FECHA Y HORA DE LA ÚLTIMA TRANSACCIÓN
campo de control 20190320210258.0
008 - DATOS DE LONGITUD FIJA--INFORMACIÓN GENERAL
campo de control de longitud fija 960329s1983----mx-a#####b---#001-0aspa-d
020 ## - NÚMERO INTERNACIONAL ESTÁNDAR DEL LIBRO
Número Internacional Estándar del Libro 9688013153
040 ## - FUENTE DE LA CATALOGACIÓN
Centro catalogador/agencia de origen BXM
Centro/agencia transcriptor BXM
Centro/agencia modificador PL#
041 ## - CÓDIGO DE LENGUA
Código de lengua del texto/banda sonora o título independiente spa
044 ## - CÓDIGO DEL PAÍS DE LA ENTIDAD EDITORA/PRODUCTORA
Código MARC del país mx
050 #4 - SIGNATURA TOPOGRÁFICA DE LA BIBLIOTECA DEL CONGRESO
Número de clasificación ND259.K3
Número de documento/Ítem .F75 1983
245 10 - MENCIÓN DE TÍTULO
Título Frida Kahlo, Tina Modotti.
260 ## - PUBLICACIÓN, DISTRIBUCIÓN, ETC.
Lugar de publicación, distribución, etc. México
Nombre del editor, distribuidor, etc. INBA : Museo Nacional de Arte
Fecha de publicación, distribución, etc. 1983
300 ## - DESCRIPCIÓN FÍSICA
Extensión 114 p.
Otras características físicas il. (algunas a color)
Dimensiones 27 cm.
500 ## - NOTA GENERAL
Nota general Incluye catálogo de obra
500 ## - NOTA GENERAL
Nota general Catálogo de la exposición realizada en el Museo Nacional de Arte (Ciudad de México), junio-agosto, 1983
504 ## - NOTA DE BIBLIOGRAFÍA, ETC.
Nota de bibliografía, etc. Bibliografía : p. 102-104
600 14 - PUNTO DE ACCESO ADICIONAL DE MATERIA--NOMBRE DE PERSONA
Nombre de persona Kahlo, Frida
Fechas asociadas al nombre 1907-1954
9 (RLIN) 4922
600 14 - PUNTO DE ACCESO ADICIONAL DE MATERIA--NOMBRE DE PERSONA
Nombre de persona Modotti, Tina
Fechas asociadas al nombre 1896-1942
9 (RLIN) 5387
650 14 - PUNTO DE ACCESO ADICIONAL DE MATERIA--TÉRMINO DE MATERIA
Término de materia o nombre geográfico como elemento de entrada Pintoras
Subdivisión cronológica Siglo XX
Subdivisión geográfica México
9 (RLIN) 4923
650 14 - PUNTO DE ACCESO ADICIONAL DE MATERIA--TÉRMINO DE MATERIA
Término de materia o nombre geográfico como elemento de entrada Mujeres fotógrafas
Subdivisión de forma Biografía
Subdivisión cronológica Siglo XIX-XX
Subdivisión geográfica Italia
9 (RLIN) 21123
942 ## - ELEMENTOS DE PUNTO DE ACCESO ADICIONAL (KOHA)
Fuente del sistema de clasificación o colocación Library of Congress Classification
Tipo de ítem Koha Libros
Holdings
Estado de retiro Estado de pérdida Estado dañado No para préstamo Localización permanente Ubicación/localización actual Fecha de adquisición Total de préstamos Signatura topográfica completa Código de barras Fecha visto por última vez Precio válido a partir de Tipo de ítem Koha
El ejemplar forma parte de la colección y puede ser consultado según las políticas vigentes.       Biblioteca del Museo Franz Mayer (Rogerio Casas-Alatriste) Biblioteca del Museo Franz Mayer (Rogerio Casas-Alatriste) 11/09/2015   ND259.K3 .F75 1983 02883 22/03/2019 22/03/2019 Libros